MARC

LEADER 00000nam0a2200000 4500
001 19901
005 20231101205321.0
010 |a 5244003844 
035 |a (RuTPU)RU\TPU\book\20071 
035 |a BOOK00020141 
090 |a 19901 
100 |a 20011209d1990 km y0rusy50 ca 
101 1 |a rus  |c ger 
102 |a RU 
105 |a y z 001zy 
200 1 |a Философия права  |e пер. с нем.  |f Г. В. Ф. Гегель  |g Академия наук СССР, Институт философии (ИФ АН СССР) ; авт. предисл. В.С. Нерсесянц 
210 |a Москва  |c Мысль  |d 1990 
215 |a 524 с.  |c портр. 
225 1 |a Философское наследие  |v Т. 113 
320 |a Библиогр. в примеч.: с. 484-499. 
320 |a Указ. имен и предм.: с. 500-525. 
606 1 |a Немецкая философия  |z 2 пол. 19 в. -1949 г.  |2 stltpush  |3 (RuTPU)RU\TPU\subj\45373  |9 64617 
610 1 |a философия 
610 1 |a 18 век 
610 1 |a 19 век 
610 1 |a история 
610 1 |a право 
610 1 |a личность 
610 1 |a общество 
610 1 |a государство 
686 |a Ю3(4Г)5  |v LBC/SL-A  |2 rubbk 
700 1 |a Гегель  |b Г. В. Ф.  |c немецкий философ  |f 1770-1831  |g Георг Вильгельм Фридрих  |2 stltpush  |3 (RuTPU)RU\TPU\pers\947  |9 416 
702 1 |a Нерсесянц  |b В.С.  |4 080 
712 0 2 |a Академия наук СССР  |b Институт философии (ИФ АН СССР)  |2 stltpush  |3 (RuTPU)RU\TPU\col\11338 
801 0 |a RU  |b 63413507  |c 20011209  |g PSBO 
801 2 |a RU  |b 63413507  |c 20141113  |g PSBO 
942 |c BK